Reichste Metropolen - Welt - Statistiken

Allgemein
  • Dieses Quiz wurde 198 mal gespielt
  • Das Durchschnittsergebnis liegt bei 10 aus 15
Antwortstatistiken
Hint Antwort % Korrekt
860.500.000.000 Los Angeles / USA
95%
1.403.000.000.000 New York / USA
95%
835.700.000.000 London / Vereinigtes Königreich
93%
715.100.000.000 Paris / Frankreich
92%
506.100.000.000 Peking / China
88%
1.617.000.000.000 Tokyo / Japan
88%
594.000.000.000 Shanghai / China
79%
553.300.000.000 Moskau / Russland
77%
462.700.000.000 Singapur / Singapur
68%
563.200.000.000 Chicago / USA
59%
845.900.000.000 Seoul / Südkorea
55%
442.200.000.000 Washington / USA
48%
483.200.000.000 Houston / USA
38%
671.300.000.000 Metropolregion Kinki / Japan
32%
485.200.000.000 Metropolregion Rhein-Ruhr / Deutschland
7%
Keine übereinstimmenden Quizze gefunden
Verteilung der Resultate
Anzahl Personen mit jedem Resultat
Perzentil nach korrekt beantworteten Fragen
Ihre Resultats-Entwicklung
Sie haben dieses Quiz noch nicht gespielt